header

Defence under Thatcher (Record no. 71690)

MARC details
000 -LEADER
fixed length control field 01454nam a22003494a 4500
082 04 - DEWEY DECIMAL CLASSIFICATION NUMBER
Classification number 355/.033541/09048
100 1# - MAIN ENTRY--AUTHOR NAME
Personal name Dorman, Andrew M.,
245 10 - TITLE STATEMENT
Title Defence under Thatcher
260 ## - PUBLICATION, DISTRIBUTION, ETC. (IMPRINT)
Place of publication Houndmills, Basingstoke, Hampshire ;
-- New York :
Name of publisher Palgrave,
Year of publication 2002.
300 ## - PHYSICAL DESCRIPTION
Number of Pages xiii, 219 p.
490 1# - SERIES STATEMENT
Series statement Southampton studies in international policy
856 40 - ELECTRONIC LOCATION AND ACCESS
Uniform Resource Identifier http://site.ebrary.com/lib/rucke/Doc?id=10057387

No items available.

© 2026 Rongo University
Contact us: librarian | system librarian | Rongo university